| 000 | 01340nam a22002297a 4500 | ||
|---|---|---|---|
| 005 | 20260121103018.0 | ||
| 008 | 260121b |||||||| |||| 00| 0 eng d | ||
| 020 | _a9780253206329 (paperback) | ||
| 082 | _a305.42091724 MOH | ||
| 245 |
_aThird world women and the politics of feminism / _cEdited by Chandra Talpade Mohanty, Ann Russo and Lourdes Torres |
||
| 260 |
_aBloomington : _bIndiana University Press, _c1991. |
||
| 300 |
_axi, 338 pages, _c23 cm. |
||
| 365 | _bRs. 2089.00 | ||
| 520 | _aThese essays document the debates, conflicts, and contradictions among those engaged in developing third world feminist theory and politics. Contributors: Evelyne Accad, M. Jacqui Alexander, Carmen Barroso, Cristina Bruschini, Rey Chow, Juanita Diaz-Cotto, Angela Gilliam, Faye V. Harrison, Cheryl Johnson-Odim, Chandra Talpade Mohanty, Ann Russo, Barbara Smith, Nayereh Tohidi, Lourdes Torres, Cheryl L. West, & Nellie Wong. | ||
| 650 | _aFeminism--Developing countries | ||
| 650 | _aWomen--Developing countries--Social conditions | ||
| 700 | _aChandra Talpade Mohanty [Editor] | ||
| 700 | _aAnn Russo [Editor] | ||
| 700 | _aLourdes Torres [Editor] | ||
| 856 | _uhttps://alejandroquinteros.wordpress.com/wp-content/uploads/2021/10/third-world-women-and-the-politics-of-feminism.-chandra-talpade-mohandy.pdf | ||
| 942 |
_2ddc _cBK |
||
| 999 |
_c214209 _d214209 |
||